[Event "TCh-HUN 2011-12"]
[Site "Budapest HUN"]
[Date "2011.11.27"]
[Round "4"]
[White "Horvath,Jo2"]
[Black "Torok,S"]
[Result "1-0"]
[WhiteElo "1985"]
[BlackElo "2319"]

1.c4 Nf6 2.Nf3 e6 3.g3 b6 4.Bg2 Bb7 5.O-O c5 6.Nc3 Be7 7.Re1 O-O 8.e4 d6
9.d4 cxd4 10.Nxd4 Qc8 11.Be3 Rd8 12.Rc1 Nbd7 13.f4 Nc5 14.Bf2 a5 15.Qe2 h5
16.h3 g6 17.Ndb5 e5 18.Nd5 Nxd5 19.exd5 Bf6 20.Nxd6 Rxd6 21.fxe5 Qf5 22.exd6 Nd3
23.Bxb6 Ra6 24.Rf1 Nxc1 25.Qe8+ Kg7 26.Rxf5 gxf5 27.Be3 Ne2+ 28.Kf2 Nd4 29.c5 Ra8
30.Qa4  1-0

[Event "Ascona Gp A"]
[Site "Ascona SUI"]
[Date "2011.12.07"]
[Round "5.5"]
[White "Foisor,C"]
[Black "Zeller,F"]
[Result "0-1"]
[WhiteElo "2418"]
[BlackElo "2375"]

1.c4 Nf6 2.g3 e6 3.Bg2 c5 4.Nf3 b6 5.O-O Bb7 6.Nc3 Be7 7.b3 O-O 8.Bb2 d6
9.e3 Nbd7 10.Qe2 a6 11.Rfd1 Qc7 12.d4 Ne4 13.Nxe4 Bxe4 14.d5 exd5 15.cxd5 Rfe8
16.Rac1 Bf6 17.Nd4 Bxg2 18.Kxg2 g6 19.Rc2 Qb7 20.Nc6 Bxb2 21.Rxb2 Ne5 22.Rbd2 Rac8
23.Kg1 b5 24.f4 Nxc6 25.dxc6 Rxc6 26.Rxd6 Rxd6 27.Rxd6 Qe4 28.Kf2 Qh1 29.h4 c4
30.bxc4 Rc8 31.Rd4 Qh3 32.cxb5 Rc2 33.Rd8+ Kg7 34.Qxc2 Qh2+ 35.Kf3 Qxc2 36.bxa6 Qxa2
37.Rd6 Qa3 38.Rc6 Qa4 39.Rd6 Qb4 40.a7 Qb7+ 41.e4 Qxa7 42.e5 Qg1 43.Rf6 Qf1+  0-1

[Event "XXIII Carlos Torre Magistral"]
[Site "Merida MEX"]
[Date "2011.12.17"]
[Round "2.1"]
[White "Perez Garcia,Rodn"]
[Black "Quesada Perez,Yu"]
[Result "1/2-1/2"]
[WhiteElo "2424"]
[BlackElo "2636"]

1.c4 Nf6 2.Nf3 b6 3.g3 Bb7 4.Bg2 e6 5.O-O c5 6.b3 Be7 7.Bb2 O-O 8.Nc3 d6
9.e3 Nbd7 10.Qe2 a6 11.d4 Qc7 12.Rfd1 cxd4 13.Nxd4 Bxg2 14.Kxg2 Rac8 15.Rd2 Rfe8
16.Kg1 Bf8 17.Rad1 Nc5 18.Qf3 Qb8 19.Qg2 Rc7 20.h3 Rec8 21.e4 Qa8 22.Re2 Nfd7
23.Re3 Re8 24.Kh2 Be7 25.Rd2 Ne5 26.f4 Ned7 27.Qf3 Bf8 28.Rde2 Rcc8 29.Kg2 Red8
30.Rd2 Be7 31.Rde2 Bf6 32.Rd2 Nf8 33.h4 Qb7 34.h5 h6 35.Kh2 Nh7 36.Kg2 Qa7
37.Nd1 Qb7 38.a4 Re8 39.Nf2 Be7 40.Ng4 Nf6 41.Nxf6+ Bxf6 42.Ba3 Rcd8 43.Ne2 Qc6
44.Bb2 Bxb2 45.Rxb2 Qb7 46.Nc3 Qe7 47.Nd1 Rb8 48.Nf2 Red8 49.Nd3 Qf6 50.e5 dxe5
51.Nxe5 Rd6 52.Rf2 Rbd8 53.Nc6 Rc8 54.Ne5 Rcd8 55.Nc6 Rc8 56.Ne5 Rcd8  1/2-1/2

[Event "XLI Rilton Cup 2011-12"]
[Site "Stockholm SWE"]
[Date "2012.01.01"]
[Round "5"]
[White "Aperia,J"]
[Black "Eriksson,Jor"]
[Result "1-0"]
[WhiteElo "2059"]
[BlackElo "2240"]

1.c4 e6 2.Nf3 c5 3.g3 b6 4.Bg2 Bb7 5.O-O Nf6 6.Nc3 Be7 7.Re1 d5 8.cxd5 exd5
9.d4 O-O 10.Bf4 Nc6 11.Rc1 Ne4 12.dxc5 Bxc5 13.Nxe4 dxe4 14.Ng5 e3 15.fxe3 h6
16.Ne4 Qe7 17.Nxc5 bxc5 18.Qd6 Qxd6 19.Bxd6 Rfe8 20.Bxc5 Nd8 21.Bxb7 Nxb7
22.Bd4 Re7 23.Rc2 Nd6 24.Rec1 Re6 25.Rc7 a6 26.R1c6 Nb5 27.Rxe6 fxe6 28.Rxg7+ Kf8
29.Rh7  1-0

[Event "XLI Rilton Cup 2011-12"]
[Site "Stockholm SWE"]
[Date "2012.01.05"]
[Round "9"]
[White "Villegas,P"]
[Black "Berggren,J"]
[Result "1-0"]
[WhiteElo "2249"]
[BlackElo "2150"]

1.Nf3 b6 2.g3 Bb7 3.Bg2 c5 4.c4 Nf6 5.O-O e6 6.Nc3 Be7 7.Re1 a6 8.e4 d6 9.d4 cxd4
10.Nxd4 Qc7 11.Be3 Nbd7 12.Rc1 Rc8 13.f4 O-O 14.g4 Nc5 15.Bf2 d5 16.e5 Nfe4
17.Be3 dxc4 18.Nxe4 Nxe4 19.Qc2 Nc5 20.Qxc4 Bxg2 21.Kxg2 Qb7+ 22.Nf3 Rfd8
23.Bxc5 Rxc5 24.Qe2 Rcd5 25.Red1 Bc5 26.Kg3 b5 27.Rxd5 Qxd5 28.b3 h6 29.Rc3 Bb4
30.Rc7 Ba5 31.Rc1 Bb6 32.h4 a5 33.h5 a4 34.bxa4 bxa4 35.Rc3 Ba5 36.Rc4 Qb5
37.g5 a3 38.Qe4 Qb2 39.Rc2 Qb5 40.g6 fxg6 41.hxg6 Qf1 42.Qc6 Kh8 43.Rh2 Rf8
44.Qc5 Be1+ 45.Kg4 Kg8 46.Qe3 Bb4 47.Qe4 Ba5 48.Qe3 Qb1 49.Nh4 Bb6 50.Qxa3 h5+
51.Kh3 Rxf4 52.Qa8+ Rf8 53.Qa6 Qg1 54.Qe2 Bd8 55.Rg2 Qh1+ 56.Rh2 Qg1 57.Rg2 Qd4
58.Qxh5 Qxh4+ 59.Qxh4 Bxh4 60.Kxh4 Rf5 61.Rb2 Kf8 62.Rb8+ Ke7 63.Rb7+ Ke8
64.Rxg7 Rxe5 65.Ra7 Kf8 66.a4 Kg8 67.a5 Rb5 68.Kg4 Rf5 69.a6 Ra5 70.Kf4 Kf8
71.Rf7+ Kg8 72.a7  1-0

[Event "2nd Mantova Open A 2012"]
[Site "Mantova ITA"]
[Date "2012.01.08"]
[Round "9"]
[White "Arnaudov,G"]
[Black "Tratar,M"]
[Result "1/2-1/2"]
[WhiteElo "2473"]
[BlackElo "2499"]

1.Nf3 Nf6 2.c4 e6 3.g3 b6 4.Bg2 Bb7 5.O-O c5 6.Nc3 Be7 7.d4 cxd4 8.Qxd4 Nc6
9.Qf4 Qb8 10.Rd1 O-O 11.e4 Rd8 12.e5 Ne8 13.Ne4 d6 14.exd6 Nxd6 15.Nfg5 Nf5
16.Qg4 Rxd1+ 17.Qxd1 h6 18.Nf3 Ne5 19.Bf4 Bxe4 20.Nxe5 Qb7 21.Bxe4 Qxe4 22.Qf3 Qxf3
23.Nxf3 Rd8 24.g4 Nh4 25.Nxh4 Bxh4 26.Be3 Bg5 27.Bxg5 hxg5 28.b3 Rd2 29.a4 Rb2
30.Rc1 Rxb3 31.c5 bxc5 32.Rxc5 Rb4 33.Rxg5 Rxa4 34.h3 g6 35.Kg2 Kg7 36.Rc5 Kf6
37.g5+ Kg7 38.Rc7 Ra1 39.Rb7 a5 40.Ra7 a4 41.Kh2 a3 42.Kg2 e5 43.Re7 Rb1
44.Ra7 Rb3 45.h4 e4 46.Ra4 e3 47.fxe3 Rxe3 48.Ra8 Rb3 49.Kh2 Rb2+ 50.Kg3 a2
51.Kf3 Rc2 52.Kf4 Rc4+ 53.Kg3 Rc3+ 54.Kg4 Rc2 55.Kf4 Rc4+  1/2-1/2

[Event "Andranik Margaryan Memorial 2012"]
[Site "Yerevan ARM"]
[Date "2012.01.09"]
[Round "2"]
[White "Gabuzyan,H"]
[Black "Hayrapetian,O"]
[Result "1-0"]
[WhiteElo "2402"]
[BlackElo "2406"]

1.Nf3 Nf6 2.g3 b6 3.Bg2 Bb7 4.O-O c5 5.c4 e6 6.Nc3 Be7 7.d4 cxd4 8.Qxd4 Nc6
9.Qd2 O-O 10.Rd1 Rc8 11.b3 a6 12.Bb2 Qc7 13.Rac1 Qb8 14.Na4 b5 15.cxb5 axb5
16.Bxf6 Bxf6 17.Nb6 Rc7 18.e4 Rd8 19.Qe3 Nb4 20.a4 Na2 21.Rxc7 Qxc7 22.axb5 Nc3
23.Re1 Bxe4 24.Na4 d5 25.b6 Qc6 26.Nd4 Bxd4 27.Qxd4 Nb5 28.Qc5 Qd7 29.Bf1 Nd6
30.Qa5 Rb8 31.Rc1 e5 32.Qa7 Qd8 33.Rc7 Qf8 34.b7 Qd8 35.Rd7 Qf8 36.Nc5 d4
37.Rxd6 Qxd6 38.Nxe4 Qc7 39.Nc5 h6 40.Na6  1-0

[Event "10th Parsvnath Open"]
[Site "New Delhi IND"]
[Date "2012.01.22"]
[Round "10.14"]
[White "Ulibin,M"]
[Black "Praveen Kumar,C1"]
[Result "1-0"]
[WhiteElo "2587"]
[BlackElo "2338"]

1.Nf3 e6 2.g3 b6 3.Bg2 Bb7 4.O-O Nf6 5.c4 c5 6.Nc3 a6 7.Re1 Qc7 8.e4 d6 9.d4 cxd4
10.Nxd4 Be7 11.Be3 O-O 12.Rc1 Nbd7 13.f4 Rac8 14.g4 Nc5 15.Bf2 g6 16.Bg3 e5
17.fxe5 dxe5 18.Nd5 Nxd5 19.cxd5 Qd6 20.Nf3 Nd7 21.g5 Rxc1 22.Qxc1 Rc8 23.Qd1 Qc5+
24.Kh1 Bd6 25.Bh3 Qc7 26.Bxd7 Qxd7 27.Bxe5 Re8 28.Bxd6 Qxd6 29.Qd2 f5 30.gxf6 Qxf6
31.Kg2 Rf8 32.Nd4 Bc8 33.e5 Qh4 34.e6 Bb7 35.Nc6 Qg4+ 36.Kh1 Qf3+ 37.Qg2 Qxg2+
38.Kxg2 Bxc6 39.dxc6 Rc8 40.c7 Kf8 41.Rc1  1-0

[Event "ch-Belgrade 2012"]
[Site "Belgrade SRB"]
[Date "2012.01.26"]
[Round "5.11"]
[White "Pucarevic,M"]
[Black "Andrejic,V"]
[Result "0-1"]
[WhiteElo "2237"]
[BlackElo "2170"]

1.Nf3 Nf6 2.c4 e6 3.g3 b6 4.Bg2 Bb7 5.O-O c5 6.Nc3 Be7 7.d3 O-O 8.e4 Nc6
9.h3 d5 10.cxd5 exd5 11.e5 Ne8 12.Re1 d4 13.Ne4 Nc7 14.h4 Qd7 15.Kh2 f6 16.Bh3 Qd5
17.exf6 Bxf6 18.Bf4 Be5 19.Nxe5 Nxe5 20.Bxe5 Qxe5 21.f4 Qe7 22.Ng5 Qf6 23.Qh5 h6
24.Ne4 Qc6 25.b4 Nd5 26.bxc5 Nf6 27.Nxf6+ Rxf6 28.cxb6 axb6 29.Qe5 Qc3 30.Be6+ Kh8
31.Bb3 Qxd3 32.Rad1 Qf3 33.Rd2 Rd8 34.Bd1 Qc6 35.Rc2 Qd5 36.Qxd5 Bxd5 37.Rd2 Bc4
38.Bf3 b5 39.Bd1 Ra6 40.Bb3 Ra3 41.Red1 d3 42.Kg1 Kh7 43.Rb1 Kg6 44.Kf2 Kf5
45.Kf3 h5 46.Re1 Rd5 47.Re7 g6 48.Re3 Bxb3 49.axb3 Rxb3 50.Re8 Rc3 51.Rf8+ Ke6
52.Rg8 Kf7 53.Rb8 Rc2 54.Ke4 Rxd2 55.Kxd5 Rc2 56.Ke4 d2 57.Rd8 b4 58.Ke3 b3
59.Rxd2 Rxd2 60.Kxd2 Kf6 61.Kc3 Kf5  0-1

[Event "ch-Belgrade 2012"]
[Site "Belgrade SRB"]
[Date "2012.01.27"]
[Round "6.9"]
[White "Ivanovic,N"]
[Black "Radlovacki,J"]
[Result "0-1"]
[WhiteElo "2267"]
[BlackElo "2421"]

1.Nf3 e6 2.c4 b6 3.g3 c5 4.Bg2 Bb7 5.O-O Nf6 6.Nc3 Be7 7.Re1 O-O 8.e4 d6
9.d4 cxd4 10.Nxd4 Qc8 11.Be3 Nbd7 12.Rc1 Rd8 13.f4 Bf8 14.b3 a6 15.Bf2 Qc7
16.g4 g5 17.f5 Re8 18.Qd2 h6 19.h3 Rad8 20.fxe6 fxe6 21.Bg3 Ne5 22.Rf1 Bg7
23.Rf2 Rc8 24.Rcf1 Nfd7 25.Ndb5 axb5 26.Nxb5 Qc6 27.Nxd6 Rcd8 28.Nxe8 Rxe8
29.Rd1 Bf8 30.Kh1 Bc5 31.Rff1 Ra8 32.h4 Be7 33.Qd4 Qc5 34.Qd2 Bc6 35.Bf2 Qa5
36.Qxa5 Rxa5 37.hxg5 hxg5 38.a4 Nxg4 39.Be1 Ra7 40.Rd3 Nde5 41.Rg3 Bc5 42.Rh3 Ng6
43.Rh5 Rg7 44.Bg3 e5 45.Rf5 Ne3 46.Rfxg5 Nxg2 47.Bxe5 Bxe4 48.Bxg7 N2f4+
49.Kh2 Nxh5 50.Rxh5 Kxg7 51.a5  0-1

[Event "TCh-BEL 2011-12"]
[Site "Belgium BEL"]
[Date "2012.01.29"]
[Round "7.2"]
[White "Roeder,M"]
[Black "Leenhouts,K"]
[Result "1-0"]
[WhiteElo "2398"]
[BlackElo "2387"]

1.Nf3 Nf6 2.c4 e6 3.g3 b6 4.Bg2 Bb7 5.O-O c5 6.Nc3 Be7 7.b3 O-O 8.Bb2 d6
9.d4 cxd4 10.Nxd4 Bxg2 11.Kxg2 Qc8 12.Qd3 Nc6 13.Nxc6 Qxc6+ 14.Qf3 Qxf3+
15.Kxf3 Rfd8 16.Rfd1 Rac8 17.Rac1 a6 18.e3 Nd7 19.Ne4 Rc6 20.g4 b5 21.cxb5 Rxc1
22.Rxc1 axb5 23.Rc6 d5 24.Nd6 b4 25.Nb7 Ra8 26.Rc7 Bf6 27.Bxf6 Nxf6 28.Nd6 h6
29.Rc8+ Rxc8 30.Nxc8 Kf8 31.Na7 Ke7 32.Nc6+ Kd6 33.Nxb4 e5 34.h3 Ne4 35.Ke2 Nc3+
36.Ke1 Ne4 37.Nd3 Ng5 38.Nxe5 Nxh3 39.Nxf7+ Ke6 40.Nd8+ Kd7 41.Nf7 Ke6 42.Nh8 Kf6
43.a4 Ng5 44.f4 Ne4 45.Ke2 g6 46.Nxg6 Kxg6 47.a5 Nd6 48.Kd3 Nb5 49.a6 Kf6
50.e4 d4 51.Kc4 Nc7 52.a7 Ke6 53.b4 Kd7 54.b5 Kc8 55.b6 Na8 56.Kxd4 Nxb6
57.g5 hxg5 58.fxg5 Kb7 59.g6 Nd7 60.g7 Nf6 61.Ke5 Ng8 62.Ke6 Kxa7 63.e5 Nh6
64.Kd7  1-0

[Event "Gibraltar Open"]
[Site "Caleta ENG"]
[Date "2012.01.29"]
[Round "6.39"]
[White "Chapman,T"]
[Black "Womacka,M"]
[Result "1/2-1/2"]
[WhiteElo "2253"]
[BlackElo "2455"]

1.Nf3 c5 2.c4 Nf6 3.g3 b6 4.Bg2 Bb7 5.O-O e6 6.Nc3 Be7 7.d4 cxd4 8.Qxd4 d6
9.Bg5 a6 10.Bxf6 Bxf6 11.Qf4 O-O 12.Rfd1 Be7 13.Ne4 Bxe4 14.Qxe4 Ra7 15.Nd4 Qc8
16.b3 Rd8 17.Qg4 Bf6 18.a4 Qc5 19.e3 Nd7 20.Ra2 Rc7 21.Rad2 Rdc8 22.Nxe6 fxe6
23.Qxe6+ Kh8 24.Rd5 Qa3 25.Qxd6 Qxd6 26.Rxd6 Nc5 27.Rxb6 a5 28.Bh3 Rf8 29.Bf5 Bc3
30.Rd5 g6 31.Bc2  1/2-1/2

[Event "17th HIT Open A"]
[Site "Nova Gorica SLO"]
[Date "2012.01.29"]
[Round "4"]
[White "Srebrnic,A"]
[Black "Smirnov,Arte"]
[Result "0-1"]
[WhiteElo "2189"]
[BlackElo "2428"]

1.Nf3 Nf6 2.c4 b6 3.g3 Bb7 4.Bg2 c5 5.O-O e6 6.Nc3 Be7 7.b3 O-O 8.Bb2 d6
9.e3 Nbd7 10.Qe2 a6 11.Ne1 Qc7 12.f4 d5 13.d3 b5 14.e4 bxc4 15.bxc4 d4 16.Nd1 Nb6
17.Bc1 Nfd7 18.Nf3 Na4 19.Bd2 Bc6 20.h4 Rab8 21.Ng5 Rb7 22.Bh3 Bxg5 23.hxg5 Rfb8
24.Kh2 Rb1 25.Rxb1 Rxb1 26.f5 exf5 27.exf5 Nf8 28.Bf4 Qb7 29.f6 Nc3 30.Qh5 Ng6
31.Nf2 Qb2 32.Kg1 Ne2+ 33.Qxe2 Qxe2 34.Rxb1 h5 35.Bf5 Nxf4 36.gxf4  0-1

[Event "e2e4 Brighton Masters"]
[Site "Brighton ENG"]
[Date "2012.02.19"]
[Round "9"]
[White "Rausis,I"]
[Black "Croad,N"]
[Result "1-0"]
[WhiteElo "2498"]
[BlackElo "2307"]

1.Nf3 Nf6 2.c4 c5 3.g3 b6 4.Bg2 Bb7 5.O-O e6 6.Nc3 d6 7.e3 Be7 8.d4 cxd4
9.exd4 Nbd7 10.d5 e5 11.Nh4 g6 12.Bh6 Bf8 13.Qd2 Bxh6 14.Qxh6 Ng4 15.Qd2 O-O
16.h3 Ngf6 17.f4 Nh5 18.Qf2 exf4 19.gxf4 Nc5 20.f5 Nd3 21.Qd4 Qf6 22.Qxf6 Nxf6
23.fxg6 fxg6 24.b3 a6 25.Nf3 Nf4 26.Nd4 Nxg2 27.Kxg2 b5 28.Ne6 Rf7 29.Ng5 Rff8
30.Nce4 Nxe4 31.Nxe4 Rfd8 32.Rf6 bxc4 33.bxc4 Rac8 34.Nxd6 Rxc4 35.Nxb7 Rxd5
36.Raf1 Rc7 37.Nd6 Rc2+ 38.R1f2 Rxf2+ 39.Kxf2 Rd2+ 40.Kg3 Rxa2 41.Ne4 Ra4
42.Kf4 Kg7 43.Rc6 h6 44.Rc7+ Kf8 45.Ke5 a5 46.h4 Ke8 47.Rh7 Ra1 48.Rxh6 Kf7
49.Rh7+ Kg8 50.Nf6+ Kf8 51.Ng4 Ra4 52.Kf6 Rf4+ 53.Kg5 Kg8 54.Ra7 Ra4 55.Nf6+ Kf8
56.Kxg6 Rxh4 57.Rf7+  1-0

[Event "32nd TCh-IND w 2012"]
[Site "Panaji IND"]
[Date "2012.02.29"]
[Round "3"]
[White "Mohota,N"]
[Black "Sathya,Pri"]
[Result "1/2-1/2"]
[WhiteElo "2323"]
[BlackElo "1838"]

1.c4 c5 2.g3 e6 3.Nf3 b6 4.Bg2 Bb7 5.O-O Nf6 6.Nc3 Be7 7.d4 d5 8.cxd5 Nxd5
9.Nxd5 Bxd5 10.Be3 Nd7 11.Qd2 O-O 12.Rfd1 Qc7 13.Qc2 Rac8 14.dxc5 Nxc5 15.Ng5 Bxg5
16.Bxg5 Bxg2 17.Kxg2 Qb7+ 18.f3 h6 19.Be3 Nd7 20.Qd2 Ne5 21.b3 Qa8 22.Rac1 Rxc1
23.Rxc1 Rd8 24.Qc3 Qd5 25.Kf2 Ng6 26.Qc7 Qd7 27.Qxd7 Rxd7 28.a4 Ne7 29.Rc4 e5
30.Bc1 f6 31.e4 Kf7 32.Ke2 Ke6 33.Be3 Rd6 34.Rc7 Rd7 35.Rxd7 Kxd7 36.Kd3 Kc6
37.b4 a6 38.Kc4 b5+ 39.Kb3 Nc8 40.Bc5 Nd6 41.a5 Kd7 42.Kc3 Ke6 43.Kd3 g6
44.h4 h5 45.Ke3 Nc4+ 46.Ke2 Nd6 47.Ke3 Nc4+ 48.Ke2 Nd6  1/2-1/2

[Event "TCh-BEL 2011-12"]
[Site "Belgium BEL"]
[Date "2012.03.04"]
[Round "9.4"]
[White "Sielecki,C"]
[Black "Leenhouts,K"]
[Result "1/2-1/2"]
[WhiteElo "2391"]
[BlackElo "2387"]

1.Nf3 Nf6 2.g3 e6 3.Bg2 b6 4.O-O Bb7 5.c4 c5 6.Nc3 Be7 7.d4 cxd4 8.Qxd4 d6
9.Bg5 a6 10.Bxf6 Bxf6 11.Qf4 O-O 12.Rfd1 Be7 13.Ne4 Bxe4 14.Qxe4 Ra7 15.Nd4 Rc7
16.b3 Qc8 17.e3 Rd8 18.a4 Rc5 19.Qb1 Bf6 20.Ra2 Nd7 21.Rad2 Be7 22.Qa2 Nf6
23.h3  1/2-1/2

[Event "32nd TCh-IND 2012"]
[Site "Panaji IND"]
[Date "2012.03.04"]
[Round "9"]
[White "Bakre,T"]
[Black "Praveen Kumar,C1"]
[Result "1-0"]
[WhiteElo "2509"]
[BlackElo "2338"]

1.Nf3 e6 2.c4 Nf6 3.g3 b6 4.Bg2 Bb7 5.O-O c5 6.Nc3 Be7 7.Re1 a6 8.e4 d6 9.d4 cxd4
10.Nxd4 Qc7 11.Be3 O-O 12.Rc1 Nbd7 13.f4 Rac8 14.f5 e5 15.Nb3 Qb8 16.Qe2 Qa8
17.Nd2 b5 18.Nd5 Bd8 19.cxb5 Rxc1 20.Rxc1 Nxd5 21.exd5 axb5 22.Qxb5 Nf6 23.Rc4 Bxd5
24.Ra4 Bxg2 25.Rxa8 Bxa8 26.Qa6 Be7 27.Nc4 Ng4 28.Bb6 Be4 29.Qa7 Re8 30.Bd8 Bf8
31.Qd7 Bc6 32.Qxc6 Rxd8 33.Qc7 Re8 34.h3 Nf6 35.Nxd6 Re7 36.Qb8 e4 37.Kf1 e3
38.Ke2 Nd7 39.Qb5 Nf6 40.Nc4 Ne4 41.Nxe3 Nxg3+ 42.Kf3 Ne4 43.Kg2 Nd6 44.Qd3 Re5
45.a4 h6 46.b4 Ne4 47.Qd4 f6 48.a5  1-0

[Event "29th Ciocaltea Mem"]
[Site "Bucharest ROU"]
[Date "2012.03.06"]
[Round "5"]
[White "Jianu,V"]
[Black "Anton,T"]
[Result "1-0"]
[WhiteElo "2497"]
[BlackElo "2403"]

1.Nf3 c5 2.c4 Nf6 3.g3 b6 4.Bg2 Bb7 5.O-O e6 6.Nc3 Be7 7.Re1 Ne4 8.Nxe4 Bxe4
9.d3 Bb7 10.e4 Nc6 11.d4 cxd4 12.Nxd4 Nxd4 13.Qxd4 O-O 14.Be3 Bc5 15.Qd2 d6
16.Rad1 Qc7 17.Bxc5 dxc5 18.Qd6 Rac8 19.Rd3 Qxd6 20.Rxd6 Rc7 21.Red1 g6 22.e5 Bxg2
23.Kxg2 Rfc8 24.Kf3 Kf8 25.Kf4 Ke7 26.Kg5 h5 27.Kh6 h4 28.Kg7 g5 29.a3 Rb7
30.R1d3 Rbc7 31.g4 Rb7 32.h3 Rbc7 33.Rd2 Rb7 34.Rd1 Rbc7 35.R1d3 Rb7 36.Rd1 Rbc7
37.b3 Rb7 38.R1d2 Rbc7 39.Rd1 Rb7 40.R1d3 Rbc7 41.b4 cxb4 42.axb4 Rb7 43.b5 Rbc7
44.R6d4 Ke8 45.f4 gxf4 46.Rxf4 f6+ 47.Kxf6 Rf7+ 48.Kg5 Rxf4 49.Kxf4 Rxc4+
50.Kg5 Rc5 51.Kf6 Rxb5 52.g5 Rb1 53.g6 Rf1+ 54.Kg7 Rg1 55.Kh7 a5 56.Rd6 Rg5
57.Rxe6+ Kf8 58.Rf6+ Ke7 59.g7 Rxe5 60.Rxb6  1-0

[Event "44th Belgrade WGM"]
[Site "Belgrade SRB"]
[Date "2012.03.11"]
[Round "9.5"]
[White "Voiska,M"]
[Black "Miladinovic,L"]
[Result "1-0"]
[WhiteElo "2316"]
[BlackElo "2060"]

1.Nf3 c5 2.g3 b6 3.Bg2 Bb7 4.c4 e6 5.O-O Nf6 6.Nc3 a6 7.b3 d6 8.Bb2 Be7 9.e3 O-O
10.d4 Ne4 11.Qc2 Nxc3 12.Bxc3 Bf6 13.Ng5 Bxg5 14.Bxb7 Ra7 15.Be4 g6 16.Rad1 Qe7
17.Bg2 Bf6 18.Rd2 Bg7 19.Rfd1 Nd7 20.dxc5 dxc5 21.Bxg7 Kxg7 22.Rd6 Rb8 23.f4 h5
24.h3 Nf6 25.Qc3 Kh7 26.Qe5 Ne8 27.R6d2 Rc8 28.g4 h4 29.Qc3 Rcc7 30.Rd3 Rd7
31.Bc6 Rxd3 32.Qxd3 Rc7 33.Bf3 Nf6 34.g5 Ne8 35.Qd8 b5 36.Kf2 bxc4 37.bxc4 e5
38.Qxe7 Rxe7 39.Rd5 exf4 40.exf4 Rc7 41.Rd8 Re7 42.Bc6 Nc7 43.Rd7 Rxd7 44.Bxd7 Kg7
45.Kf3 Kf8 46.Kg4 Ke7 47.Bc8 a5 48.Kxh4 Na8 49.Ba6 Nc7 50.Bb7 Ne6 51.Kg4 Nd4
52.Be4 f5+ 53.gxf6+ Kxf6 54.Bd3 Nc6 55.Kf3 Nb4 56.Bb1 Nc6 57.Ke4 Ke6 58.Kd3 Nd4
59.Ke3 Kf6 60.Be4 Ne6 61.Bf3 Nd4 62.Bg4 Ke7 63.Kd3 Nc6 64.a3 Nd4 65.h4 Nc6
66.Ke4 Nd4 67.Kd5 Nb3 68.f5 gxf5 69.Bxf5 Kf6 70.Bd3 Kg7 71.a4 Kh6 72.Bc2 Nd2
73.Kxc5 Kh5 74.Kb5 Kxh4  1-0

[Event "TCh-CZE Liga1 Vychod"]
[Site "Czech Rep CZE"]
[Date "2012.03.18"]
[Round "10"]
[White "Sabol,M"]
[Black "Ponizil,C"]
[Result "0-1"]
[WhiteElo "2371"]
[BlackElo "2398"]

1.Nf3 c5 2.c4 Nf6 3.g3 b6 4.Bg2 Bb7 5.O-O e6 6.b3 Be7 7.Bb2 d6 8.Nc3 a6 9.e3 O-O
10.d4 Ne4 11.Qd3 Nxc3 12.Bxc3 cxd4 13.exd4 d5 14.Ne5 Bf6 15.Qe3 Ra7 16.c5 bxc5
17.dxc5 Nc6 18.Nxc6 Bxc6 19.Bxf6 Qxf6 20.Rfe1 a5 21.Rab1 Rb8 22.Qe5 Qxe5
23.Rxe5 Rb5 24.Rc1 a4 25.Re3 Kf8 26.Bf1 Rb4 27.bxa4 Rbxa4 28.Rb3 Rxa2 29.Rb6 Rc7
30.Bb5 Bxb5 31.Rxb5 Ke7 32.Kg2 h5 33.h4 g6 34.Kf3 e5 35.Rd1 d4 36.Ke4 f6
37.f4 Re2+ 38.Kd5 Rd7+ 39.Kc4 Rc2+ 40.Kd3 Rc3+ 41.Ke2 e4 42.Rb4 d3+ 43.Ke3 f5  0-1

[Event "13th EICC"]
[Site "Plovdiv BUL"]
[Date "2012.03.23"]
[Round "4.63"]
[White "Arsovic,Z"]
[Black "Zhigalko,A"]
[Result "1/2-1/2"]
[WhiteElo "2435"]
[BlackElo "2590"]

1.Nf3 Nf6 2.c4 b6 3.g3 c5 4.Bg2 Bb7 5.O-O e6 6.Nc3 Be7 7.d4 cxd4 8.Qxd4 O-O
9.Rd1 d6 10.Bg5 Nc6 11.Qf4 Qb8 12.Rd2 Ne5 13.Nxe5 dxe5 14.Qh4 Bxg2 15.Kxg2 Qb7+
16.f3 Rac8 17.Rc1 e4 18.Bxf6 exf3+ 19.exf3 Bxf6 20.Qe4 Qe7 21.Qe2 Rfd8 22.Ne4 Rxd2
23.Qxd2 Be5 24.Qe2 Bd4 25.Rd1 e5 26.g4 h5 27.h3 Rd8 28.b3 f5 29.gxf5 Qf7
30.Ng5 Qxf5 31.h4 Rc8 32.Qe4 Qxe4 33.Nxe4 Kf8 34.f4 Ke7 35.fxe5 Bxe5 36.Rd5 Ke6
37.Ng5+ Kf6 38.Ne4+ Ke6 39.Ng5+ Kf6 40.Nf3 Re8 41.c5  1/2-1/2

[Event "13th EICC"]
[Site "Plovdiv BUL"]
[Date "2012.03.23"]
[Round "4.166"]
[White "Vdovenko,Volodymyr"]
[Black "Rigopoulos Tsigkos,A"]
[Result "0-1"]
[WhiteElo "1784"]
[BlackElo "2095"]

1.Nf3 Nf6 2.g3 b6 3.Bg2 Bb7 4.O-O e6 5.c4 c5 6.b3 Be7 7.Bb2 O-O 8.d3 Nc6
9.Qc2 Rc8 10.Nbd2 d6 11.a3 Nd7 12.e3 Bf6 13.Ne4 Bxb2 14.Qxb2 Qe7 15.Qe2 Rfe8
16.Rfd1 Nf6 17.Ned2 d5 18.h4 Rcd8 19.Nf1 h6 20.N1h2 a5 21.Ne1 e5 22.cxd5 Nxd5
23.Qh5 Nf6 24.Qe2 Qe6 25.Qb2 Nd5 26.Bf3 Qg6 27.e4 Nc7 28.Rac1 Ne6 29.b4 axb4
30.axb4 Nxb4 31.Qxe5 Nd4 32.Qc7 Ba6 33.Ra1 Bb5 34.Ra7 Rd7 35.h5 Rxc7 36.hxg6 Nxf3+
37.Nhxf3 Rxa7 38.gxf7+ Rxf7 39.Nh4 Rd8 40.Ng6 Bxd3  0-1

[Event "Belgrade Spring Open 2012"]
[Site "Belgrade SRB"]
[Date "2012.03.29"]
[Round "6.1"]
[White "Ivanovic,N"]
[Black "Martic,I SRB"]
[Result "1/2-1/2"]
[WhiteElo "2270"]
[BlackElo "2392"]

1.Nf3 c5 2.c4 Nf6 3.g3 b6 4.Bg2 Bb7 5.O-O e6 6.Nc3 d6 7.Re1 Be7 8.e4 a6 9.d4 cxd4
10.Nxd4 Qc7 11.Be3 Nbd7 12.Rc1 O-O 13.f4 Rfe8 14.b3 Rac8 15.Bf2 Qb8 16.g4 g6
17.e5 Bxg2 18.exf6 Ba8 19.fxe7 Qb7 20.Ne4 f5  1/2-1/2

[Event "13th EICC"]
[Site "Plovdiv BUL"]
[Date "2012.03.31"]
[Round "11.114"]
[White "Dimitrov,At"]
[Black "Nestorovic,N"]
[Result "1/2-1/2"]
[WhiteElo "2318"]
[BlackElo "2462"]

1.Nf3 Nf6 2.c4 e6 3.g3 b6 4.Bg2 Bb7 5.O-O c5 6.Nc3 a6 7.d4 cxd4 8.Qxd4 Nc6
9.Qf4 Ne7 10.Rd1 Rc8 11.Qd4 Qc7 12.Bg5 Nf5 13.Qd2 Nd6 14.Bxf6 gxf6 15.Qd4 Be7
16.Nd2 Bxg2 17.Kxg2 Qc6+ 18.Kg1 Qc5 19.Qd3 f5 20.b4 Qxb4 21.Rab1 Qc5 22.Na4 Qc6
23.Nxb6 Rb8 24.Qd4 O-O 25.c5 Nb5 26.Qxd7 Qxd7 27.Nxd7 Rbd8 28.Rxb5 axb5 29.Nxf8 Bxc5
30.Nxe6 fxe6 31.Rc1 Bxf2+ 32.Kxf2 Rxd2 33.Rb1 Rd5 34.Rb4 Kg7 35.a4 bxa4 36.Rxa4 h5
37.Rb4 Kf6 38.Kf3 Ra5 39.Rc4 Ra3+ 40.Kf2 Rb3  1/2-1/2

[Event "European Senior Teams 2012"]
[Site "Rogaska Slatina SLO"]
[Date "2012.04.04"]
[Round "9.1"]
[White "Pushkov,N"]
[Black "Kristiansen,E"]
[Result "1-0"]
[WhiteElo "2390"]
[BlackElo "2181"]

1.Nf3 Nf6 2.c4 b6 3.g3 Bb7 4.Bg2 e6 5.O-O c5 6.Nc3 Be7 7.Re1 O-O 8.e4 d6
9.d4 cxd4 10.Nxd4 Qc8 11.Bf4 Rd8 12.Rc1 a6 13.b4 Nc6 14.Nd5 Nd7 15.Nxc6  1-0

[Event "O2C Doeberl Cup Premier 2012"]
[Site "Canberra AUS"]
[Date "2012.04.08"]
[Round "9.12"]
[White "Wright,N"]
[Black "Ikeda,J"]
[Result "1/2-1/2"]
[WhiteElo "2183"]
[BlackElo "2373"]

1.Nf3 c5 2.c4 e6 3.g3 b6 4.Bg2 Bb7 5.O-O Nf6 6.Nc3 Be7 7.Re1 d6 8.e4 O-O
9.d4 cxd4 10.Nxd4 Qc8 11.Be3 a6 12.Rc1 Nbd7 13.f4 g6 14.Bf2 Re8 15.Qe2 e5
16.Nc2 exf4 17.gxf4 Bf8 18.Nb4 Bh6 19.Nbd5 Nxd5 20.Nxd5 Qd8 21.Qg4 Bxd5 22.cxd5 Nf6
23.Qf3 Nh5 24.Be3 Qh4 25.Rf1 Nf6 26.Bxb6 Rxe4 27.Qg3 Rxf4 28.Qxh4 Rxh4 29.Rc6 Ne8
30.Bf2 Rb4 31.b3 Bg7 32.Bg3 Bd4+ 33.Kh1 Bc5 34.Re1 a5 35.Bf1 a4 36.bxa4 Nf6
37.Bb5 Rd8 38.a3 Rd4 39.Bf2 Rxd5 40.Bxc5 Rxc5 41.Rd1 Ne4 42.Rxc5 Nxc5 43.a5 Ra8
44.a6 Nxa6 45.Rxd6 Nc5 46.Rd5 Ne4 47.Bc6 Rc8 48.Bb7 Rb8 49.Bc6 Rc8  1/2-1/2

[Event "TCh-CAT 2012"]
[Site "Catalunya ESP"]
[Date "2012.04.14"]
[Round "10.1"]
[White "Bacallao Alonso,Y"]
[Black "Oms Pallisse,J"]
[Result "1/2-1/2"]
[WhiteElo "2550"]
[BlackElo "2485"]

1.Nf3 Nf6 2.c4 e6 3.g3 b6 4.Bg2 Bb7 5.O-O c5 6.Nc3 Be7 7.Re1 d6 8.e4 Nbd7
9.d4 cxd4 10.Nxd4 Qc7 11.b3 Rd8 12.Nd5 exd5 13.exd5 Ne5 14.Nf5 O-O 15.Nxe7+ Qxe7
16.f4 Nfd7 17.fxe5 Nxe5 18.a4 Rfe8 19.Be3 Qc7 20.a5 bxa5 21.Qd4 Nd7 22.Qxa7 Ra8
23.Qd4 Nc5 24.Qc3 Qb6 25.Rab1 f6 26.Bd4 Rad8 27.Re3 Bc8 28.Rbe1 Bd7 29.Rxe8+ Rxe8
30.Rxe8+ Bxe8 31.Qe3 Kf8 32.Be4 Qb4 33.Bc2 Bf7 34.Kf2 h6 35.Qe1 Qb6 36.Kg2 Qc7
37.Bc3 Nb7 38.Qe4 Qe7 39.Kf2 Bh5 40.Qxe7+ Kxe7 41.h3 Kf7 42.Ke3 Bg6 43.Bd1 Bb1
44.Bd4 Nc5 45.Kd2 Be4 46.Bc2 Bg2 47.h4 Bh3 48.Be3 Nb7 49.Kc3 g5 50.Kd4 Bd7
51.Bd1 Ke7 52.Bd2 Kf7 53.Be2 Ke7 54.Kc3 Kf7 55.Be3 Nc5 56.b4 axb4+ 57.Kxb4 Nb7
58.Bh5+ Ke7 59.Bb6 Be8 60.Bxe8 Kxe8 61.hxg5 hxg5 62.g4 Nd8 63.Bxd8 Kxd8 64.c5 f5
65.gxf5 g4 66.c6 g3 67.f6 g2 68.f7 Ke7 69.c7 g1=Q 70.f8=Q+ Kxf8 71.c8=Q+ Ke7
72.Qe6+ Kd8 73.Qxd6+ Kc8 74.Qf8+ Kd7 75.Qf5+ Kd8 76.Kb5 Qg7 77.Kc4 Qd7 78.Qf8+ Qe8
79.Qd6+ Kc8 80.Qa6+ Kd8 81.Qa8+ Kd7  1/2-1/2

[Event "Sydney International Open"]
[Site "Parramatta AUS"]
[Date "2012.04.14"]
[Round "7.8"]
[White "Ly,Mo"]
[Black "Praveen Kumar,C1"]
[Result "1-0"]
[WhiteElo "2402"]
[BlackElo "2343"]

1.Nf3 e6 2.c4 Nf6 3.g3 b6 4.Bg2 Bb7 5.O-O c5 6.Nc3 Be7 7.Re1 a6 8.e4 d6 9.d4 cxd4
10.Nxd4 Qc7 11.Be3 O-O 12.Rc1 Nbd7 13.f4 Rfe8 14.f5 Bf8 15.fxe6 fxe6 16.Bh3 Nc5
17.b4 Ncxe4 18.Nxe4 Nxe4 19.Nxe6 Qf7 20.Rf1 Nf6 21.Ng5 Qc7 22.Bd4 Qc6 23.Qf3 Qxf3
24.Nxf3 b5 25.c5 dxc5 26.bxc5 Bd5 27.Ne5 Be6 28.Bg2 Rad8 29.Nc6 Rc8 30.Rfe1 Bxa2
31.Rxe8 Rxe8 32.Nb4 Bc4 33.Nxa6 Ne4 34.c6 Nd2 35.Rd1 Nb3 36.Bb6 b4 37.Bf1 Bf7
38.c7 Be6 39.Rd8 Kf7 40.Bb5  1-0